| 000 | 00959cam a2200229 a 4500 | ||
|---|---|---|---|
| 001 | 000014380 | ||
| 005 | 20200929163609.0 | ||
| 008 | 910424s1979 cr a 000 0 spa | ||
| 020 | _a9977581290 | ||
| 040 |
_aDO-SdBNP _bspa _cBNPHU |
||
| 082 |
_axx _bxx |
||
| 130 | 0 |
_a7 de noviembre de 1889. _932476 |
|
| 245 | 1 | 3 |
_aLa epopeya del civismo costarricense : _bel 7 de noviembre de 1889 / _cJosé María Pinaud ; compilador. |
| 260 |
_aSan José : _bComisión Nacional Organizadora, Centenario de la Democracia, _bMinisterio de Cultura, Juventud y Deportes, Dirección de Publicaciones 1979, _c1979. |
||
| 300 |
_a162 p. : _bil. ; _c18 cm. |
||
| 490 | 1 |
_aRescate _v5 |
|
| 500 | _aOriginalmente publicado bajo el título: El 7 de noviembre de 1889. | ||
| 651 | 0 |
_aCosta Rica _zPolitics And Government _y1821-1948. _932477 |
|
| 650 | 0 |
_aElections _zCosta Rica _xHistory _y19th century. _932478 |
|
| 700 | 1 |
_aPinaud, Jose Maria. _932479 |
|
| 830 | 0 |
_aRescate ; _v5 _932480 |
|
| 999 |
_c13971 _d13971 |
||